Por la unión latinoamericana: Tarea del movimiento de los trabajadores
Uloženo v:
| Korporativní autor: | |
|---|---|
| Médium: | Text |
| Vydáno: |
Caracas:
DECOS-CLAT
|
| Tagy: |
Přidat tag
Žádné tagy, Buďte první, kdo vytvoří štítek k tomuto záznamu!
|
MARC
| LEADER | 00000 a a2200000 04500 | ||
|---|---|---|---|
| 001 | 25346 | ||
| 003 | |||
| 040 | |||
| 020 | |a 0-917049-14-4 | ||
| 090 | |a 181200 | ||
| 110 | |a Central Latinoamericana de Trabajadores | ||
| 245 | |a Por la unión latinoamericana: Tarea del movimiento de los trabajadores | ||
| 260 | |a Caracas: |b DECOS-CLAT | ||
| 300 | |a 423 p. | ||
| 999 | |c 8659 |d 8659 | ||



